Automobiles that begin with E - Statistics

General Stats
  • This quiz has been taken 14 times
  • The average score is 13 of 39
Answer Stats
Manufacturer Type Answer % Correct
Acura Subcompact executive car EL
90%
Lotus Sports car Elan
80%
Ford Mid-size crossover Edge
60%
Ford Compact crossover Escape
60%
Ford Mid-size crossover Explorer
60%
AMC Compact car Eagle
50%
Mitsubishi Sport compact Eclipse
50%
Hyundai Compact car Elantra
50%
Lotus Sports car Elise
50%
Ford Small family car Escort
50%
Cadillac Personal luxury car Eldorado
40%
Chevrolet Compact crossover Equinox
40%
Cadillac Full-size SUV Escalade
40%
Lotus Sports car Europa
40%
Lotus Sports car Evija
40%
Lotus Sports car Evora
40%
Lotus Sports car Exige
40%
Ford Full-size SUV Expedition
40%
Honda Compact crossover Element
30%
Mclaren Sports car Elva
30%
Buick Subcompact crossover Encore
30%
Ferrari Supercar Enzo
30%
Renault MPV/Compact crossover Espace
30%
Ford Full-size SUV Excursion
30%
Chevrolet Van Express
30%
Ford Subcompact crossover EcoSport
20%
Chevrolet Coupé utility El Camino
20%
Lotus Full-size luxury crossover Eletre
20%
Lotus Sports car Emira
20%
Buick Full-size crossover Enclave
20%
Buick Compact crossover Envision
20%
Lamborghini Grand tourer Espada
20%
Lotus Sports car Esprite
20%
Lotus Executive car Emeya
10%
Buick Compact crossover Envista
10%
GMC Mid-size SUV Envoy
0%
Suzuki Pickup truck Equator
0%
Buick Full-size car Estate
0%
Pontiac Full-size car Executive
0%
No matching quizzes found
Score Distribution
Percent of People with Each Score
Percentile by Number Answered
Your Score History
You have not taken this quiz